| 000 | 01426nam a2200373 c 4500 | ||
|---|---|---|---|
| 003 | BLK | ||
| 005 | 20210112113727.0 | ||
| 008 | 180409b bul|||||r ||||||| ||bul|| | ||
| 010 | _aKNG00113081000 | ||
| 020 |
_a954-474-240-9 _bиздат.: Кибеа |
||
| 040 | _aBLK | ||
| 041 |
_aBUL _cBUL |
||
| 080 |
_aКитайска литература _b821.581 _x-84 _z821.581-84 |
||
| 080 |
_aТаоизъм (Даоизъм). Подразделя се като 291 _b299.513 _x _z299.513 |
||
| 700 | 1 |
_aЛао Дзъ _e* _9373492 |
|
| 100 | 1 |
_aЛао Цзъ _eпърви автор _9249076 |
|
| 700 | 1 |
_aАцев, Крум _eпрев. от кит. _9370210 |
|
| 139 |
_aЛао Дзъ _bЛ 23 |
||
| 245 | 1 | 0 |
_aДао Дъ Дзин _bКн. за Пътя и Постигането _c* Лао Дзъ; Лао Цзъ; прев. от кит. Крум Ацев. |
| 257 | _aKIT | ||
| 260 |
_аСофия _bКибеа _c2002 _fСофия : Балкан прес |
||
| 300 |
_a185 с. _bс ил. _c12Х16 см |
||
| 380 | _aX | ||
| 490 | 1 | _aСерия Оракул | |
| 500 | _aОриг. загл. на древнокит. ез. - Съдържа и За авт. ; За кн. | ||
| 650 | 4 |
_aТаоизъм _9173188 |
|
| 653 | _aафоризми | ||
| 653 | _aсентенции | ||
| 852 | _aЦб І 31220 | ||
| 856 | 4 |
_qpdf _u |
|
| 856 | 4 |
_qpdf _u |
|
| 942 |
_cKNG _n0 _05 |
||
| 944 |
_aCR _c14.05.2004 _kМилена_Ачева |
||
| 944 |
_aED _c30.09.2015 _kВиолета_Тройчева |
||
| 999 |
_c107785 _d107785 |
||